| 000 | 00645nam a2200229 a 4500 | ||
|---|---|---|---|
| 001 | 25980 | ||
| 003 | BD-RjUL | ||
| 005 | 20211209050944.0 | ||
| 008 | 140319s1966 vraabf b 00110 eng d | ||
| 035 | _a(BD-RjUL)26050 | ||
| 040 |
_aSCAE _cSCAE _beng _dBD-RjUL |
||
| 041 | _aeng | ||
| 082 | 0 | 0 |
_a954 _219 _bTIS 1966 |
| 100 | 1 |
_aTinker, Hugh. _979688 |
|
| 245 | 1 | 0 |
_aSouth Asia : _ba short history / _cHugh Tinker. |
| 260 |
_aLondon : _bP. M. Press, _cc1966. |
||
| 300 |
_a287 p., [8] p. of plates : _bill., maps ; _c23 cm. |
||
| 504 | _aBibliography: p. 267-272. | ||
| 504 | _aIncludes index. | ||
| 651 | 0 |
_aSouth Asia. _979832 |
|
| 942 |
_2ddc _cBK |
||
| 999 |
_c25980 _d25980 |
||